000 nam a22 7a 4500
999 _c8565
_d8565
008 180118b ||||| |||| 00| 0 eng d
100 _aBhatia
_94948
245 _aGrammer work Book
260 _aNew Delhi
_bJeevan Deep
_c2009